LEADER 00740nam a2200193 i 4500 001 000000238133 003 CaOOAMICUS 005 20150120000000.0 008 150120s1827 it u000 u ita u 013 $a217038 026 $aNECI ,eo- nier eial (3) 1827 (R) 040 $aSeMil$bita 245 10$aVol. 8. 300 $aXII, 204 p. 773 0 $aCingari, Alfonso <1748-1817>$tOpere di monsignor Alfonso Cingari bolognese vescovo di Cagli. Vol. 1. [-10.].$dRoma : Presso Vincenzo Poggioli alla Minerva n. 63, 1825-1828.$g8$w()31286 850 $aSeMil 852 $aSeMil$W1$xVenegono$y1$m3C III 142 FA$j188479$B188479$CSeMilBibl$Z2$F199237 $8I 961 $aRecupero: Bernareggi, Domenico 996 $6245$aVol. 8$9(OLS)http://semarc/title/164222 LEADER 01176nam a2200277 4500 001 000000366143 003 CaOOAMICUS 005 20260126115645.0 008 260126s2025 it 000 u ita r 020 $a978-88-07-17511-4 040 $aSeMil$bita 100 1 $aMeyer, Thomas,$d<1966- >.$0(OLS)http://semarc/name/46926 240 10$aHannah Arendt :$bdie Biografie.$0(OLS)http://semarc/title/457843 245 10$aHannah Arendt :$buna vita filosofica /$cThomas Meyer ; traduzione di Federico Zaniboni. 264 1$aMilano :$bFeltrinelli,$c2025. 300 $a470 p. ;$c22 cm 490 1 $aScintille 600 14$aArendt, Hannah <1906-1975>.$0(OLS)http://semarc/subject/10173 700 1 $aZaniboni, Federico.$0(OLS)http://semarc/name/123644 830 0$aScintille.$0(OLS)http://semarc/title/438471 850 $aSeMil 852 $aSeMil$W1$xVenegono$y1$m2P V 748$j266607$B256910$CSeMilBibl$Z2$F256910 $81 996 $6020$a978-88-07-17511-4$9(OLS)http://semarc/number/305143 996 $6245$aHannah Arendt :$buna vita filosofica$9(OLS)http://semarc/title/457844 996 $6264$aMilano :$bFeltrinelli$9(OLS)http://semarc/publisher/30237